| 000 | 00446nam a2200157 i 4500 | ||
|---|---|---|---|
| 001 | 49978 | ||
| 003 | ES-MaACL | ||
| 005 | 20230906162109.0 | ||
| 007 | t| | ||
| 008 | 030728s1929 ec ||||1| spa d | ||
| 100 | 1 |
_aCrespo Toral, Remigio. _941555 |
|
| 245 | 1 | 0 |
_aBolivar _b: genio de América / _cRemigio Crespo Toral. |
| 260 |
_aQuito : _b[s.n.], _c1929 ( _fTallers tip. Nacionales) |
||
| 300 |
_a54 p. ; _c21 cm. |
||
| 852 |
_aES-MaACL _j1727-F-2 |
||
| 999 |
_c49978 _d49978 |
||